000
00314nam a2200133Ia 4500
008
150301s2015 xx 000 0 und d
082
_a
615.4
_b
C12B
100
_a
R.S BEARDSLEY
245
_a
COMMUNICATION SKILLS IN PHARMACY-|
260
_b
WOLTER KLUMER
300
_a
255
650
_a
PHARMACY
942
_2
ddc
_c
BK
999
_c
7241
_d
7241